| 000 | 01728cad a22002415a 4500 | ||
|---|---|---|---|
| 001 | L148778 | ||
| 008 | 091109s2009 xxkd f 000 0 eng d | ||
| 020 | _a9780955070952 | ||
| 035 | _a(Sirsi) u148778 | ||
| 041 | 0 | _aeng | |
| 050 | 0 | 4 | _a306.1 $2 18 |
| 110 | 2 |
_aBroomleigh Housing Association _95807 |
|
| 245 | 0 | 0 |
_aMobility matters _bexploring mobility aspirations and options for social housing residents _h[electronic resource] |
| 260 |
_aLondon _bHCA _c2009 |
||
| 505 | 2 | _aExecutive summary and recommendations -- The strategic context -- Background to this study -- Methodology -- Headlines from the resident research -- Learning the lessons -- Concluding remarks -- Appendix one: research methodology -- Appendix two: further findings from the telephone survey with residents -- Appendix three: interviews undertaken with existing, previous and pending mobility schemes -- Appendix four: references | |
| 520 | _aPresents results of a survey on demand for national mobility among social housing residents. Find that 17% of tenants interviewed wished to move house. Suggests the need for a national mobility scheme for social housing residents. Advantages expected include better management of existing social housing stock, more economic mobility, community cohesion and improvement of quality of life. Recommends among other measures harmonisation of letting policies across housing associations. | ||
| 521 | _aAdvanced | ||
| 590 | _aKA | ||
| 651 | 4 |
_aEngland _y886- |
|
| 690 | _aPROPERTY-RESIDENTIAL PROPERTY-DOMESTIC RESIDENTIAL PROPERTY-HOUSING | ||
| 856 | 4 | 0 |
_uhttps://www.homesandcommunities.co.uk/resident-mobility-free-homes _zView the report free of charge at www.homesandcommunities.co.uk... |
| 942 | _n0 | ||
| 999 |
_c110219 _d110219 |
||